Heisman Winners - Statistics

General Stats
  • This quiz has been taken 45 times
  • The average score is 32 of 90
Answer Stats
Hint Answer % Correct
2016 (QB, Louisville) Lamar Jackson
95%
2019 (QB, LSU) Joe Burrow
92%
2024 (WR/CB, Colorado) Travis Hunter
92%
2017 (QB, Oklahoma) Baker Mayfield
90%
2022 (QB, USC) Caleb Williams
90%
2015 (RB, Alabama) Derrick Henry
90%
2020 (WR, Alabama) Devonta Smith
90%
2018 (QB, Oklahoma) Kyler Murray
87%
2006 (QB, Ohio State) Troy Smith
87%
1985 (RB, Auburn) Bo Jackson
85%
1941 (HB, Minnesota) Bruce Smith
85%
2013 (QB, FSU) Jameis Winston
85%
2023 (QB, LSU) Jayden Daniels
85%
2012 (QB, Texas A&M) Johnny Manziel
85%
2014 (QB, Oregon) Marcus Mariota
85%
1998 (RB, Texas) Ricky Williams
85%
2007 (QB, Florida) Tim Tebow
85%
2021 (QB, Alabama) Bryce Young
82%
2010 (QB, Auburn) Cam Newton
79%
2011 (QB, Baylor) Robert Griffin III
79%
2005 (RB, USC) Reggie Bush
69%
1974 (RB, Ohio State) Archie Griffin
67%
1975 (RB, Ohio State) Archie Griffin
67%
1988 (RB, Oklahoma State) Barry Sanders
59%
1997 (CB, Michigan) Charles Woodson
56%
2004 (QB, USC) Matt Leinart
49%
2008 (QB, Oklahoma) Sam Bradford
49%
2002 (QB, USC) Carson Palmer
41%
1968 (HB, USC) OJ Simpson
38%
2003 (QB, Oklahoma) Jason White
36%
1979 (RB, USC) Charles White
33%
1986 (QB, Miami) Vinny Testaverde
33%
1948 (HB, SMU) Doak Walker
31%
1984 (QB, Boston College) Doug Flutie
31%
1977 (RB, Texas) Earl Campbell
31%
1982 (RB, Georgia) Herschel Walker
31%
1981 (RB, USC) Marcus Allen
31%
1987 (WR, Notre Dame) Tim Brown
31%
1995 (RB, Ohio State) Eddie George
28%
1994 (RB, Colorado) Rashaan Salaam
28%
1962 (QB, Oregon State) Terry Baker
28%
1976 (RB, Pittsburgh) Tony Dorsett
28%
1989 (QB, Houston) Andre Ware
26%
2000 (QB, FSU) Chris Weinke
26%
2001 (QB, Nebraska) Eric Crouch
26%
1963 (QB, Navy) Roger Staubach
26%
1996 (QB, Florida) Danny Wuerffel
23%
1980 (RB, South Carolina) George Rogers
23%
1970 (QB, Stanford) Jim Plunkett
23%
1972 (WB, Nebraska) Johnny Rodgers
23%
1999 (RB, Wisconsin) Ron Dayne
23%
1966 (QB, Florida) Steve Spurrier
23%
1993 (QB, FSU) Charlie Ward
21%
1990 (QB, BYU) Ty Detmer
21%
1978 (HB, Oklahoma) Billy Sims
18%
1956 (QB, Notre Dame) Paul Hornung
18%
1991 (WR, Michigan) Desmond Howard
15%
2009 (RB, Alabama) Mark Ingram II
15%
1983 (RB, Nebraska) Mike Rozier
15%
1961 (HB, Syracuse) Ernie Davis
13%
1946 (HB, Army) Glenn Davis
13%
1935 (HB, Chicago) Jay Berwanger
13%
1947 (QB, Notre Dame) Johnny Lujack
10%
1965 (HB, USC) Mike Garrett
10%
1971 (QB, Auburn) Pat Sullivan
10%
1969 (HB, Oklahoma) Steve Owens
10%
1952 (HB, Oklahoma) Billy Vessels
8%
1955 (HB, Ohio State) Howard Cassady
8%
1936 (End, Yale) Larry Kelley
8%
1940 (HB, Michigan) Tom Harmon
8%
1959 (HB, LSU) Billy Cannon
5%
1938 (QB, TCU) Davey O'Brien
5%
1967 (QB, UCLA) Gary Beban
5%
1964 (QB, Notre Dame) John Huarte
5%
1953 (HB, Notre Dame) Johnny Lattner
5%
1944 (HB/QB, Ohio State) Les Horvath
5%
1939 (HB, Iowa) Nile Kinnick
5%
1950 (HB, Ohio State) Vic Janowicz
5%
1954 (FB, Wisconsin) Alan Ameche
3%
1943 (QB, Notre Dame) Angelo Bertelli
3%
1937 (HB, Yale) Clint Frank
3%
1951 (HB, Princeton) Dick Kazmaier
3%
1942 (HB, Georgia) Frank Sinkwich
3%
1992 (QB, Miami) Gino Toretta
3%
1960 (HB, Navy) Joe Bellino
3%
1957 (HB, Texas A&M) John David Crow
3%
1949 (End, Notre Dame) Leon Hart
3%
1958 (HB, Army) Pete Dawkins
3%
1945 (FB, Army) Don Blanchard
0%
1973 (RB, Penn State) John Cappalletti
0%
No matching quizzes found
Score Distribution
Percent of People with Each Score
Percentile by Number Answered
Your Score History
You have not taken this quiz